Koirarodut maittain - Iso-Britannia - Statistics

Yleistilastot
  • Tätä visaa on pelattu 34 kertaa
  • Keskiarvotulos 11 / 16
Vastaustilastot
Kuvavisa Vastaus % Oikein
welsh corgi pembroke
94%
beagle
91%
kultainennoutaja
91%
labradorinnoutaja
91%
cockerspanieli
88%
pitkäkarvainen skotlanninpaimenkoira
88%
jackrussellinterrieri
84%
englanninbulldoggi
78%
shetlanninlammaskoira
78%
yorkshirenterrieri
66%
mastiffi
63%
englanninsetteri
59%
bordercollie
53%
whippet
53%
walesinspringerspanieli
38%
skyenterrieri
28%
Ehtoja vastaavia visoja ei löytynyt
Tulosjakauma
Jokaisen tuloksen saaneiden osuus
Persentiili vastausten määrän mukaan
Tuloshistoriasi
Et ole pelannut tätä visaa